| 000 | 01026nam a22003015a 4500 | ||
|---|---|---|---|
| 003 | EG-ScBUE | ||
| 005 | 20221031134541.0 | ||
| 008 | 080731t2000 nyuab f 001 0 eng d | ||
| 020 | _a0393730506 (pbk.) | ||
| 020 | _a9780393730500 | ||
| 040 |
_aEG-ScBUE _beng _erda _cEG-ScBUE _dEG-ScBUE |
||
| 082 | 0 | 4 |
_a720.973090 _bLEB _222 |
| 100 | 1 |
_aLeBlanc, Sydney, _eauthor. |
|
| 245 | 1 | 4 |
_aThe architecture traveler : _ba guide to 250 key twentieth-century American buildings / _cSydney LeBlanc. |
| 264 | 1 |
_aNew York ; _aLondon : _bW. W. Norton and Company, _c[2000] |
|
| 264 | 4 | _cc2000 | |
| 300 |
_axii, 276 pages : _billustrations, maps ; _c21 cm |
||
| 336 |
_2rdacontent _atext _btxt |
||
| 337 |
_2rdamedia _aunmediated _bn |
||
| 338 |
_2rdacarrier _avolume _bnc |
||
| 500 | _aIncludes index. | ||
| 590 | _ayassmeen ashraf | ||
| 650 | 7 |
_aArchitecture _zUnited States _y20th century _vGuidebooks. _2BUEsh |
|
| 651 | _2BUEsh | ||
| 653 |
_bENGARC _cAugust2015 |
||
| 655 | _vReading book | ||
| 942 |
_cBB _k720.973090 LEB _2ddc |
||
| 999 |
_c9061 _d9061 |
||